Santiago Waria.

Saved in:
Bibliographic Details
Main Author: Hernández, Elvira (autora)
Format: Book
Language:English
Published: Santiago, Chile: Cuarto propio, 1996.
Edition:2a. edición.
Series:Colección Botella al Sur.
Subjects:
Tags: Add Tag
No Tags, Be the first to tag this record!

MARC

LEADER 00000nam a22000007a 4500
003 CL-VaPUC
005 20241111104223.0
008 240916t1996 ||||| |||| 00| 0 eng d
999 |c 444748  |d 444746 
020 |a 956-260-032-7 
040 |c Pontificia Universidad Católica de Valparaíso 
082 |2 22  |a Ch861.44 HER 1996 
100 |9 595424  |a Hernández, Elvira  |e autora 
245 |a Santiago Waria.  
250 |a 2a. edición.  
260 |a Santiago, Chile:  |b Cuarto propio,   |c 1996. 
300 |a Páginas sin numeración.  
490 |a Colección Botella al Sur.  
500 |a c.1 Firmada por la autora. 25-10-2024 
583 |c 20240916  |k Yessy Sthefany Diaz Vidal 
600 0 |9 891383  |a Hernández, Elvira   |d 1951-  |e Poeta, ensayista y crítica literaria  |v Poemas   |z Chile 
650 0 |9 268403  |a Poesía chilena   |y Siglo 20 
651 0 |9 505521  |a Santiago de Chile   |x Aspectos políticos y sociales   |v Poemas 
942 |2 ddc  |c BK 
952 |0 0  |1 0  |2 ddc  |4 0  |6 CH_861_440000000000000_HER_1996  |7 0  |8 A  |9 596765  |a BIBEDU  |b BIBEDU  |d 2024-09-16  |i 5662734  |l 2  |o Ch861.44 HER 1996  |p 5662734  |r 2025-03-21  |s 2025-03-21  |t 1  |w 2024-09-16  |y BK  |k LIT